[Event "Mechanics' Summer TNM; G/2"]
[Site "San Francisco"]
[Date "2016.06.14"]
[Round "4.8"]
[White "Wang, Yuan"]
[Black "Porlares, Teodoro"]
[Result "1-0"]
[WhiteElo "2054"]
[BlackElo "1805"]
[Annotator "Donaldson"]
[PlyCount "75"]
[EventDate "2016.??.??"]

1. e4 c6 2. d4 d5 3. Nc3 dxe4 4. Nxe4 Bf5 5. Ng3 Bg6 6. h4 h6 7. Nf3 Nd7 8. h5
Bh7 9. Bd3 Bxd3 10. Qxd3 e6 11. Bd2 Ngf6 12. O-O-O Bd6 13. Ne4 Nxe4 14. Qxe4
Nf6 15. Qe2 Qc7 16. Ne5 O-O-O 17. f4 Kb8 18. Rh3 Ka8 19. g4 Nd5 20. c4 Nxf4 $2
(20... Nf6) 21. Bxf4 f6 {Diagram [#]} 22. c5 $1 Bxe5 23. dxe5 fxe5 24. Bxe5 Qa5
25. Bd6 Rde8 26. Ra3 Qd8 27. Rd4 b5 28. cxb6 Qxb6 29. Qc4 Rd8 30. Rb3 Rxd6 31.
Rxd6 Qg1+ 32. Rd1 Qg2 33. Qa6 c5 34. Rbd3 Rb8 35. R3d2 Qe4 36. Rd7 Qe3+ 37. Kb1
Qe4+ 38. Ka1 1-0

[Event "Mechanics' Alan Benson TNM; G/2"]
[Site "San Francisco"]
[Date "2016.08.09"]
[Round "2.9"]
[White "Wang, Yuan"]
[Black "Royzen, Igor"]
[Result "1-0"]
[WhiteElo "2068"]
[BlackElo "1867"]
[PlyCount "57"]
[EventDate "2016.??.??"]

1. e4 c6 2. d4 d5 3. Nc3 dxe4 4. Nxe4 Bf5 5. Ng3 Bg6 6. h4 h6 7. Nf3 Nd7 8. h5
Bh7 9. Bd3 Bxd3 10. Qxd3 e6 11. Bd2 Ngf6 12. O-O-O Be7 13. Ne4 Nxe4 14. Qxe4
Nf6 15. Qd3 Qd5 16. c4 Qe4 17. Qb3 b5 18. Rhe1 Qh7 19. Ne5 Rc8 20. Nxc6 Rxc6
21. Qxb5 Kd7 22. Bc3 Ne4 23. d5 Bg5+ 24. Bd2 exd5 25. Bxg5 hxg5 26. Qb7+ Rc7
27. Rxd5+ Nd6 28. Rxd6+ Kxd6 29. Qd5# 1-0

[Event "Mechanics' Spring TNM; G/2"]
[Site "San Francisco"]
[Date "2016.05.03"]
[Round "8.4"]
[White "Wang, Yuan"]
[Black "Tsodikova, Natalya"]
[Result "0-1"]
[WhiteElo "2051"]
[BlackElo "2207"]
[PlyCount "66"]
[EventDate "2016.??.??"]

1. e4 e5 2. Nf3 Nc6 3. Bb5 f5 4. d3 fxe4 5. dxe4 Nf6 6. O-O Bc5 7. Nc3 d6 8. h3
O-O 9. Bc4+ Kh8 10. Ng5 Qe7 11. Nd5 Nxd5 12. exd5 Nd4 13. c3 Nf5 14. Ne4 Bb6
15. a4 a5 16. Bg5 Qf7 17. Qe2 Bd7 18. b3 h6 19. Bd2 Nh4 20. Be3 Qg6 21. Ng3
Bxe3 22. Qxe3 Rf4 23. Kh2 Raf8 24. f3 Qf7 25. Bd3 Nf5 26. Nxf5 Bxf5 27. Bxf5
Qxf5 28. Rfe1 Qc2 29. Re2 Qxb3 30. Qd3 Rxa4 31. Rb1 Qc4 32. Qc2 Ra3 33. Qb2
Rxc3 {and Black soon won. Remaining moves unavailable.} 0-1

[Event "Mechanics' Spring TNM; G/2"]
[Site "San Francisco"]
[Date "2016.03.15"]
[Round "1.33"]
[White "Weingarten, Daniel"]
[Black "Bacus, Ephraim Cub"]
[Result "1-0"]
[WhiteElo "952"]
[BlackElo "1836"]
[Annotator "Donaldson"]
[PlyCount "23"]
[EventDate "2016.??.??"]

1. e4 e5 2. Nf3 d6 3. d4 exd4 4. Nxd4 Nf6 5. Nc3 Be7 6. Bc4 O-O 7. O-O b6 8.
Re1 Nbd7 $4 {Diagram [#]} 9. Nc6 $1 $18 Qe8 10. Bg5 Ne5 11. Nxe7+ Kh8 (11...
Qxe7 12. Nd5 Qd8 13. Bb3 Ned7 14. f4 h6 15. Bh4 Re8 16. e5 dxe5 17. fxe5 Nxe5
18. Rxe5 $18) 12. Bb3 {White won quickly. Remaining moves missing.} 1-0

[Event "Mechanics' Fall TNM; G/2"]
[Site "San Francisco"]
[Date "2016.11.22"]
[Round "167.36"]
[White "Weingarten, Daniel"]
[Black "Baterdene, Jonathan"]
[Result "1/2-1/2"]
[WhiteElo "1676"]
[BlackElo "970"]
[PlyCount "74"]
[EventDate "2016.??.??"]

1. e4 e5 2. Nf3 Nc6 3. Bb5 d6 4. h3 Nf6 5. Nc3 a6 6. Ba4 Bd7 7. O-O g6 8. d3
Bg7 9. Bg5 O-O 10. Qd2 Nd4 11. Qd1 Bxa4 12. Nxa4 b5 13. Nc3 b4 14. Nd5 c6 15.
Bxf6 Bxf6 16. Nxf6+ Qxf6 17. Nxd4 exd4 18. a3 bxa3 19. Rxa3 Rfb8 20. b3 d5 21.
Re1 Qd6 22. Qa1 Qb4 23. Ra4 Qd2 24. Qb1 a5 25. Kf1 Rb4 26. Re2 Qc3 27. Qa2 Rxa4
28. Qxa4 dxe4 29. dxe4 Rd8 30. Qc4 Qxc4 31. bxc4 a4 32. Re1 d3 33. cxd3 Rxd3
34. Rc1 a3 35. Rc2 Rb3 36. Ra2 Kf8 37. f3 Ke8 1/2-1/2

[Event "Mechanics' Spring TNM; G/2"]
[Site "San Francisco"]
[Date "2016.04.26"]
[Round "7.31"]
[White "Weingarten, Daniel"]
[Black "Bekhtur, Bayaraa"]
[Result "1-0"]
[WhiteElo "952"]
[BlackElo "1896"]
[PlyCount "43"]
[EventDate "2016.??.??"]

1. e4 c5 2. Nf3 d6 3. d4 cxd4 4. Nxd4 Nf6 5. Nc3 a6 6. a3 e5 7. Nf3 Be7 8. Be2
O-O 9. Bg5 h6 10. Bh4 Qb6 11. Rb1 Nc6 12. O-O Be6 13. Bxf6 gxf6 14. Nd5 Qd8 15.
c3 Kh7 16. Nh4 Rg8 17. Nf5 Rg5 18. h4 Rxf5 19. exf5 Bxf5 20. Bd3 e4 21. Bc2 Qd7
22. Nb6 1-0

[Event "Mechanics' Spring TNM; G/2"]
[Site "San Francisco"]
[Date "2016.03.29"]
[Round "3.32"]
[White "Weingarten, Daniel"]
[Black "Campers Jr, Willie"]
[Result "0-1"]
[WhiteElo "952"]
[BlackElo "1673"]
[PlyCount "90"]
[EventDate "2016.??.??"]

1. e4 e6 2. d4 d5 3. e5 c5 4. c3 Qb6 5. dxc5 Bxc5 6. Qc2 a5 7. Bd3 Nc6 8. Nf3
Bd7 9. O-O Nge7 10. Bf4 Ng6 11. Bg3 O-O 12. Na3 Nce7 13. Bh4 Rac8 14. Bxe7 Bxe7
15. Qb3 Qc7 16. Rfe1 a4 17. Qc2 Bxa3 18. bxa3 Qxc3 19. Qxc3 Rxc3 20. Bxg6 hxg6
21. Re3 Rfc8 22. Rxc3 Rxc3 23. Nd4 Rxa3 24. f4 Rd3 25. Nc2 Bb5 26. Rb1 Bc6 27.
Nb4 Rc3 28. Kf2 d4 29. Rb2 Be4 30. g3 Rc1 31. Re2 Bf5 32. Re1 Rc4 33. a3 Rc3
34. Ra1 Rb3 35. Ra2 Bb1 36. Ra1 Rb2+ 37. Kg1 Be4 38. Ra2 Rb1+ 39. Kf2 Rh1 40.
g4 Rxh2+ 41. Kg3 Rxa2 42. Nxa2 b5 43. Kf2 Kf8 44. Ke2 Ke7 45. Nb4 f6 0-1

[Event "Mechanics' Alan Benson TNM; G/2"]
[Site "San Francisco"]
[Date "2016.08.23"]
[Round "4.18"]
[White "Weingarten, Daniel"]
[Black "Chen, Mingson"]
[Result "1/2-1/2"]
[WhiteElo "1593"]
[BlackElo "1903"]
[Annotator "Donaldson"]
[PlyCount "40"]
[EventDate "2016.??.??"]

1. e4 c5 2. Nf3 d6 3. d4 cxd4 4. Nxd4 a6 5. Nc3 e6 6. Be3 Nf6 7. Be2 Be7 8. O-O
O-O 9. f3 $6 (9. f4) 9... Nc6 10. Qd2 Bd7 11. Bc4 b5 12. Nxc6 Bxc6 13. Bb3 Qc7
14. Ne2 Rac8 15. c3 d5 16. exd5 Nxd5 17. Bf2 Rfd8 18. Nd4 Be8 19. Bg3 Qb6 20.
Kh1 {Diagram [#]} Bc5 $15 (20... b4 $1 $17) 1/2-1/2

[Event "Mechanics' Alan Benson TNM; G/2"]
[Site "San Francisco"]
[Date "2016.08.09"]
[Round "2.37"]
[White "Weingarten, Daniel"]
[Black "Cowgill, Jackie"]
[Result "1-0"]
[WhiteElo "1593"]
[BlackElo "991"]
[PlyCount "91"]
[EventDate "2016.??.??"]

1. e4 e5 2. Nf3 Nc6 3. Bb5 a6 4. Ba4 Nf6 5. Nc3 b5 6. Bb3 Be7 7. a3 O-O 8. O-O
d6 9. h3 Bb7 10. d3 Na5 11. Ba2 c5 12. Bg5 Qc7 13. Bxf6 Bxf6 14. Nd5 Qd8 15.
Qd2 Nc6 16. c3 Rb8 17. Nh2 Bg5 18. Qe2 Ne7 19. Nxe7+ Bxe7 20. f4 exf4 21. Rxf4
d5 22. exd5 Bd6 23. Re4 Bc8 24. Qf2 Bd7 25. c4 Qc7 26. Nf1 Be5 27. Rb1 Qd6 28.
Qd2 Bf5 29. Re2 Bd4+ 30. Kh1 Bxh3 31. gxh3 Qd7 32. Kg2 Rb6 33. Re3 Bxe3 34.
Qxe3 Rg6+ 35. Ng3 Qd6 36. Re1 b4 37. Qe5 a5 38. Qxd6 Rxd6 39. a4 b3 40. Bb1 Rg6
41. d4 h5 42. Bxg6 fxg6 43. dxc5 Rf4 44. Re4 Rf8 45. c6 Rb8 46. c7 1-0

[Event "Mechanics' Alan Benson TNM; G/2"]
[Site "San Francisco"]
[Date "2016.09.13"]
[Round "7.22"]
[White "Weingarten, Daniel"]
[Black "Mays, Jerry L"]
[Result "1-0"]
[WhiteElo "1593"]
[BlackElo "1876"]
[PlyCount "72"]
[EventDate "2016.??.??"]

1. e4 g6 2. Bc4 Bg7 3. d4 d6 4. c3 Nf6 5. Qe2 O-O 6. Nf3 c6 7. O-O a5 8. a4 Bg4
9. h3 Bxf3 10. Qxf3 Nbd7 11. Bg5 e5 12. d5 Nb6 13. Bxf6 Bxf6 14. Qd3 Nxc4 15.
Qxc4 Qb6 16. Ra3 Qc7 17. Rb3 Rfc8 18. Na3 Bd8 19. Rd1 Rab8 20. Qd3 Qe7 21. c4
Qf6 22. Rd2 Bc7 23. Rc2 Qf4 24. g3 Qg5 25. Rcc3 Qf6 26. Kg2 h5 27. h4 g5 28.
hxg5 Qxg5 29. Qe3 Qxe3 30. Rxe3 Kg7 31. Rf3 Rh8 32. Rf5 f6 33. Nc2 Rbg8 34.
Rxb7 Rc8 35. dxc6 h4 36. g4 h3+ {....mutual time trouble:} 1-0

[Event "Mechanics' Summer TNM; G/2"]
[Site "San Francisco"]
[Date "2016.06.28"]
[Round "6.42"]
[White "Weingarten, Daniel"]
[Black "Nassif, Wassim"]
[Result "1-0"]
[WhiteElo "1609"]
[BlackElo "1131"]
[PlyCount "77"]
[EventDate "2016.??.??"]

1. e4 e5 2. Nf3 Nc6 3. Bb5 a6 4. Ba4 b5 5. Bb3 Bc5 6. d3 Nf6 7. a3 O-O 8. Nc3
Qe7 9. O-O d6 10. h3 Be6 11. Nd5 Bxd5 12. exd5 Nd4 13. Nxd4 Bxd4 14. c3 Bb6 15.
Bg5 h6 16. Be3 Bxe3 17. fxe3 Nd7 18. Qf3 Qf6 19. Qg4 Qe7 20. Qf5 Nf6 21. Bc2
Rad8 22. c4 Rde8 23. e4 Qd7 24. b4 Re7 25. c5 Qxf5 26. Rxf5 Nd7 27. c6 Nb6 28.
Raf1 g6 29. Rf6 Kg7 30. R6f3 Na4 31. Bxa4 bxa4 32. R3f2 Rb8 33. Rb2 g5 34. Rf3
a5 35. Rff2 axb4 36. Rxb4 Rxb4 37. axb4 Re8 38. Ra2 Ra8 39. Kf2 {
White is much better but resignation is premature.} 1-0

[Event "Mechanics' Summer TNM; G/2"]
[Site "San Francisco"]
[Date "2016.05.31"]
[Round "2.35"]
[White "Weingarten, Daniel"]
[Black "Tracy, Joseph"]
[Result "0-1"]
[WhiteElo "1609"]
[BlackElo "2179"]
[PlyCount "62"]
[EventDate "2016.??.??"]

1. e4 Nf6 2. e5 Nd5 3. c4 Nb6 4. d4 d6 5. Bf4 dxe5 6. Bxe5 Nc6 7. Nc3 f6 8. Bg3
Nxd4 9. Bxc7 Qxc7 10. Qxd4 e5 11. Qe4 Be6 12. c5 Bxc5 13. Bb5+ Kf7 14. Nf3 g6
15. g4 a6 16. Be2 Qc6 17. Qxc6 bxc6 18. h3 Nd5 19. Bc4 Nxc3 20. Bxe6+ Kxe6 21.
bxc3 Rhd8 22. Rb1 Rd3 23. Nd2 Rxc3 24. Ne4 Rc4 25. Nxc5+ Rxc5 26. O-O Rb5 27.
Rbc1 c5 28. Rfe1 Rd8 29. f4 Rd2 30. a4 Ra5 31. Rc4 Rd4 0-1

[Event "Mechanics' Fall TNM; G/2"]
[Site "San Francisco"]
[Date "2016.11.01"]
[Round "3.31"]
[White "White, Benjamin M"]
[Black "Drane, Robert W"]
[Result "1/2-1/2"]
[WhiteElo "1040"]
[BlackElo "1953"]
[PlyCount "65"]
[EventDate "2016.??.??"]

1. e4 Nf6 2. Nc3 d5 3. e5 Ne4 4. d4 Nxc3 5. bxc3 c5 6. Ba3 cxd4 7. Qxd4 a6 8.
Rd1 Nc6 9. Qxd5 Qxd5 10. Rxd5 e6 11. Bxf8 exd5 12. Bxg7 Rg8 13. Bf6 Be6 14. Bd3
h6 15. g3 d4 16. Bh7 Rg5 17. Bxg5 hxg5 18. cxd4 Nxd4 19. h4 Bd5 20. Rh2 g4 21.
h5 Ke7 22. f4 gxf3 23. Rd2 Ke6 24. Rxd4 Kxe5 25. Rd3 Rh8 26. Nxf3+ Bxf3 27.
Rxf3 Rxh7 28. g4 f6 29. Rf5+ Ke6 30. c4 Rg7 31. Rf4 Ke5 32. Rf5+ Ke6 33. Rf4
1/2-1/2

[Event "Mechanics' Fall TNM; G/2"]
[Site "San Francisco"]
[Date "2016.11.15"]
[Round "5.32"]
[White "White, Benjamin M"]
[Black "MacIntyre, Brendan"]
[Result "1-0"]
[WhiteElo "1040"]
[BlackElo "1548"]
[PlyCount "81"]
[EventDate "2016.??.??"]

1. e4 c5 2. Nf3 Nc6 3. d4 cxd4 4. Nxd4 g6 5. Nc3 Bg7 6. Nf3 Nf6 7. Bg5 d6 8.
Bc4 O-O 9. Qd2 Ng4 10. h3 Nge5 11. Bb3 Nxf3+ 12. gxf3 Nd4 13. Qe3 Nxb3 14. axb3
f6 15. Bh6 b6 16. Bxg7 Kxg7 17. Nd5 e6 18. Nxb6 Rb8 19. Rxa7+ Rb7 20. Nxc8 Qxc8
21. Rxb7+ Qxb7 22. O-O Ra8 23. Rd1 Qc6 24. Qc3 Qb6 25. Qd4 Qxd4 26. Rxd4 Ra6
27. Ra4 Rc6 28. c4 Kh6 29. Ra1 Kg5 30. Rc1 Kf4 31. Rc3 Ke5 32. b4 Kd4 33. b5
Rb6 34. Rc1 d5 35. c5 Rxb5 36. c6 Rb8 37. c7 Rc8 38. b4 dxe4 39. fxe4 Kxe4 40.
b5 Kd5 41. b6 1-0

[Event "Mechanics' Fall TNM; G/2"]
[Site "San Francisco"]
[Date "2016.12.06"]
[Round "8.19"]
[White "White, Benjamin M"]
[Black "Poling, Scott E"]
[Result "0-1"]
[WhiteElo "1040"]
[BlackElo "1918"]
[PlyCount "97"]
[EventDate "2016.??.??"]

1. e4 c5 2. Nf3 e6 3. d4 cxd4 4. Nxd4 a6 5. Nc3 Qc7 6. Bd3 Nf6 7. Bg5 Be7 8.
Nf3 d6 9. Qd2 Nbd7 10. O-O-O b5 11. Bxb5 axb5 12. Nxb5 Qa5 13. Nxd6+ Bxd6 14.
Qxd6 Qxa2 15. e5 Qa1+ 16. Kd2 Ne4+ 17. Ke3 Nxd6 18. Rxa1 Nf5+ 19. Kd2 Bb7 20.
Rxa8+ Bxa8 21. Ra1 O-O 22. Ra7 Bxf3 23. gxf3 Nxe5 24. Bf4 Nxf3+ 25. Kc3 Rc8+
26. Rc7 Rxc7+ 27. Bxc7 N3d4 28. Bb6 Nc6 29. b4 Kf8 30. b5 Nce7 31. Kb4 Ke8 32.
c4 Kd7 33. Bc5 Kc8 34. Ka5 Kb7 35. f4 f6 36. Bf2 e5 37. fxe5 fxe5 38. c5 e4 39.
Kb4 e3 40. Be1 Nd4 41. Kc4 Nf3 42. Bg3 e2 43. Kd3 e1=Q 44. Bxe1 Nxe1+ 45. Ke4
Nc2 46. Ke5 Nb4 47. Kd6 Ned5 48. Ke6 h5 49. Ke5 0-1

[Event "Mechanics' Fall TNM; G/2"]
[Site "San Francisco"]
[Date "2016.11.29"]
[Round "7.25"]
[White "White, Benjamin M"]
[Black "Sherwood, Peter"]
[Result "1-0"]
[WhiteElo "1040"]
[BlackElo "1688"]
[PlyCount "81"]
[EventDate "2016.??.??"]

1. e4 e6 2. d4 d5 3. e5 c5 4. c3 Nc6 5. Nf3 Qb6 6. b3 cxd4 7. cxd4 Bb4+ 8. Ke2
Nge7 9. a3 Qa5 10. Bb2 Qa6+ 11. Ke3 Nf5+ 12. Kf4 Qb6 13. axb4 Nce7 14. Ng5 h6
15. Nh3 Qxb4 16. Bc3 Ng6+ 17. Kf3 Qb6 18. g3 Bd7 19. Nf4 Nge7 20. Bh3 Rc8 21.
Bxf5 Nxf5 22. Kg2 a6 23. Bb2 Bb5 24. Na3 Bd7 25. h4 g6 26. g4 Ne7 27. Nd3 h5
28. Nc5 Bc6 29. Nc2 Bb5 30. Ne3 Nc6 31. f4 Ne7 32. gxh5 gxh5 33. Kh3 Nf5 34.
Nxf5 exf5 35. Qb1 Rxc5 36. dxc5 Qxc5 37. Qc1 b6 38. Re1 Bc6 39. Qxc5 bxc5 40.
Rxa6 Kd7 41. e6+ 1-0

[Event "Mechanics' Fall TNM; G/2"]
[Site "San Francisco"]
[Date "2016.10.18"]
[Round "1.34"]
[White "White, Benjamin M"]
[Black "Walters, Kevin"]
[Result "0-1"]
[WhiteElo "1040"]
[BlackElo "1864"]
[PlyCount "72"]
[EventDate "2016.??.??"]

1. e4 d5 2. exd5 Qxd5 3. Nc3 Qa5 4. d4 Nf6 5. Bd2 c6 6. Nf3 Bf5 7. Bc4 e6 8.
Ne4 Qd8 9. Ng3 Bg6 10. O-O Nbd7 11. Bg5 Be7 12. Re1 Qc7 13. Bd3 O-O-O 14. c4
Bxd3 15. Qxd3 h6 16. Be3 Ng4 17. c5 Nxc5 18. Qa3 Na6 19. Qb3 Nxe3 20. Rxe3 Nb4
21. Ne5 Bd6 22. Rf3 Bxe5 23. dxe5 Nd5 24. Qa4 Kb8 25. Ne4 Qxe5 26. Nc5 Nb6 27.
Qa5 Rd5 28. Re1 Qd6 29. Nxb7 Kxb7 30. Rxf7+ Nd7 31. Qa4 Rf8 32. Rxg7 Qc5 33.
Qb3+ Kc8 34. Rf1 Rd2 35. Qxe6 {Diagram [#]} Qxf2+ $1 36. Rxf2 Rd1+ 0-1

[Event "Mechanics' Fall TNM; G/2"]
[Site "San Francisco"]
[Date "2016.10.18"]
[Round "1.1"]
[White "Winslow, Elliott C"]
[Black "Arai, Gordon S"]
[Result "1-0"]
[WhiteElo "2314"]
[BlackElo "1737"]
[Annotator "Winslow"]
[PlyCount "55"]
[EventDate "2016.??.??"]

1. e4 e6 2. d4 d5 3. Nd2 Nf6 4. e5 Nfd7 5. Bd3 c5 6. c3 Nc6 7. Ne2 Qb6 (7...
cxd4 8. cxd4 f6 9. exf6 Nxf6 10. O-O Bd6 11. Nf3 O-O (11... Qc7 12. Nc3 a6 13.
h3 O-O 14. Be3) 12. Bf4) (7... f6 8. Nf4 (8. exf6 Nxf6 (8... Qxf6)) 8... Qe7 9.
Nf3 (9. exf6 Nxf6 (9... Qxf6 10. Nf3 cxd4 11. O-O Nde5 12. Nxe5 Nxe5 13. Bb5+
Bd7 14. Bxd7+ Kxd7 15. Re1 Re8 16. cxd4 Nc6 17. Be3 Bd6 18. Ne2 Re7 19. Rc1 Ke8
{1/2-1/2 (90) Keres,P-Czerniak,M Helsinki 1952}) 10. Nf3 cxd4 11. cxd4 Qc7)
9... cxd4 10. cxd4 fxe5 11. Nxe5 (11. Ng6 $6 hxg6 12. Bxg6+ Kd8 13. Bg5 Nf6 14.
dxe5 Qb4+ 15. Kf1 Be7 16. exf6 gxf6 17. Be3 (17. Bd2 $6 Qg4 18. Bd3 Bd6 19. Be2
Qg8 20. Bc3 Ke7 21. Qb3 e5 $15 {
0-1 Nightingale,C-Sutherland,M/corr 1950/ MegaCorr2 (32)}) 17... Qg4 18. Bd3
Rg8 19. g3 Qh3+ 20. Kg1 Bd7 $13 {1-0 Euwe, M-Kramer,H/Leeuwarden 1940/HCL (54)}
) 11... Ncxe5 12. dxe5 Nxe5 $6 {dieser Bauernraub wirkt angesichts des
schwarzen Entwicklungsrückstandes sehr riskant.} (12... g6 $5) 13. Qh5+ Nf7 14.
O-O g6 (14... Bd7 15. Re1 O-O-O $6 16. Nxd5 Qe8 17. Bf4 Bc6 $2 18. Rac1 {
1-0 Metral,J-Lucas,B/Picardie-03ch p 1989/ MegaCorr2 (18)}) (14... g5 15. Nh3
h6 16. f4 gxf4 17. Rxf4 Rg8 18. Bg6 $36 {
1-0 Ruiz Beso-Andani Castro,J/corr 1987/MegaCorr2 (24)}) 15. Bb5+ (15. Qe2 $5
Bd7 (15... Bg7 $6 16. Bb5+ Kf8 17. Bd2 a6 $2 18. Nxd5 Qd8 (18... exd5 19. Bb4
$18) 19. Bb4+ Nd6 20. Rad1 $18 {
1-0 Lastin,A-Borovikov,V/Marganets 1999/EXT 2001 (26)}) 16. Re1 O-O-O 17. Be3
Kb8 $6 18. Nxd5 $16 {1-0 Kauranen,R-Stransky, E/corr ICCF 1984/MegaCorr2 (38)})
15... Bd7 16. Qe2 (16. Bxd7+ $5 Qxd7 17. Qh3 e5 18. Qxd7+ Kxd7 19. Nxd5 Kc6 20.
Nc3 Bc5 21. Be3 $14 {1-0 Wahls,M-Masserey,Y/ Biel 1994/CBM 43 (30). (29)})
16... Bxb5 17. Qxb5+ Qd7 18. Nxe6 Qxb5 19. Nc7+ Kd7 20. Nxb5 $11 {1-0 (43) Marc
iano,D (2502)-Nguyen,C (2366) France 2003 CBM 094 (Mueller,Karsten)}) 8. Nf3
Be7 {Popular -- in the 1890s!} (8... f6) ({Relevant:} 8... cxd4 9. cxd4 f6 10.
exf6 Nxf6 11. O-O Bd6 12. Bf4 Bxf4 13. Nxf4 Qxb2 14. Re1 O-O 15. Nxe6 Bxe6 16.
Rxe6 Rae8 17. Rxe8 Rxe8 18. Rb1 Qxa2 19. Rxb7 Ne4 20. Bxe4 dxe4 21. Ne5 Rf8 22.
Qb3+ Qxb3 23. Rxb3 Nxd4 24. Re3 a5 25. Rxe4 Re8 26. Rxd4 Rxe5 27. g3 h5 28. Rd6
Kf7 29. Ra6 g6 30. h4 Rb5 31. Kg2 Rf5 32. Kf1 Rb5 {
1/2-1/2 (32) Mamedov,N (2610)-Akobian,V (2628) Bursa 2010}) 9. h4 {I completely
didn't know what was going on. I played this to stop ...g5, but.. .} (9. O-O g5
$2 {has *never* been played in 600+ games, and the computer gives it as +-!} (
9... O-O) (9... f6) (9... cxd4) (9... Nf8) (9... h6) 10. Bxg5 Qxb2 11. Bxe7
Nxe7 12. Ng5) 9... f6 10. exf6 (10. Nf4) 10... Nxf6 11. O-O O-O 12. Rb1 $146 (
12. a3 Bd7 13. b4 cxd4 14. cxd4 Ng4 15. Ng5 h6 16. Nf4 Rxf4 17. Bxf4 e5 18.
dxe5 hxg5 19. hxg5 Rf8 20. Bg3 Bxg5 21. Bc4 dxc4 22. Qxd7 Qd4 23. Qe6+ Kh8 24.
Rad1 Qe4 25. Rde1 Qd4 26. Qg6 Bd2 27. Re4 Qd3 28. e6 Ne3 29. Ra1 c3 30. Rh4+ {
1-0 (30) Chalmeta Torredemer,E (2110)-Pallares Farnos,R Sant Boi 2000}) 12...
Ng4 13. Bf4 cxd4 14. cxd4 Nb4 15. g3 Nxa2 16. Ng5 Nf6 17. Be5 g6 18. Nf4 Nd7 {
Diagram [#]} 19. Nxh7 $1 Nxe5 20. dxe5 Rxf4 21. gxf4 Qd4 22. Qf3 Bd7 23. Bxg6
Be8 24. Qg4 Kh8 25. Bxe8 Rxe8 26. Qh5 Kg7 27. Kh1 Qe4+ 28. f3 1-0

[Event "Mechanics' Fall TNM; G/2"]
[Site "San Francisco"]
[Date "2016.11.29"]
[Round "7.3"]
[White "Winslow, Elliott C"]
[Black "Argo, Guy"]
[Result "1-0"]
[WhiteElo "2314"]
[BlackElo "1911"]
[Annotator "Winslow,Elliott"]
[PlyCount "37"]
[EventDate "2016.??.??"]

1. e4 e5 2. Nf3 f5 3. Nxe5 (3. Bc4 fxe4 4. Nxe5) 3... Nc6 4. d4 {(Nunn)} (4.
Qh5+ g6 5. Nxg6 Nf6) 4... Qh4 (4... Nxe5 5. dxe5 fxe4 6. Qd5 (6. Bc4)) 5. Nf3 (
5. Nxc6 Qxe4+ 6. Be2 dxc6 7. O-O Bd7 8. Bh5+ Kd8 9. Bg5+ Nf6 10. Nc3 Qe6 11. d5
cxd5 12. Re1 Qa6 13. Nxd5 Kc8 14. Bxf6 gxf6 15. Be8 Bd6 16. Bxd7+ Kxd7 17.
Nxf6+ Kc8 18. Qh5 Bxh2+ 19. Kxh2 Qxf6 20. Re8+ Kd7 21. Rd1+ Kc6 22. Qf3+ Kb5
23. Qb3+ {1-0 (23) Ibarra Jerez,J (2434)-Torres Garrigos,D (2204) Granada 2005}
) 5... Qxe4+ 6. Be2 d5 (6... Nb4 7. Na3 Be7 8. O-O d6 9. Re1 Bd7 10. c3 Nc6 11.
Ng5 Qh4 12. Bh5+ g6 13. g3 Qxh5 14. Qb3 O-O-O 15. Nf7 Nf6 16. Nc4 Rdf8 17. Nxh8
Rxh8 18. Qc2 Qf3 {1/2-1/2 (18) Borisenko,V (2040)-Musienko,N Kramatorsk 2009})
(6... Nf6 7. O-O Ne7 (7... Kd8 8. Re1 Qe8 9. d5 Ne7 10. d6 cxd6 11. Nc3 d5 12.
Nb5 a6 13. Nd6 {1-0 (13) Shirazi,K (2430)-Van Hul,C (2245) Antwerp 1997}) (7...
Be7 8. Nc3 Qg4 9. d5 Nb4 10. Ng5 {
1-0 (10) Garcia Cano,A (2291)-Blas Correa,J (2054) Castellar 2007}) 8. Nc3 Qc6
9. Ne5 Qb6 10. Bb5 c6 11. Bc4 d5 12. Bb3 Be6 13. Na4 Qd8 14. Nc5 Qc8 15. Re1
Bg8 16. Bg5 b6 17. Ncd3 Kd8 18. a4 h6 19. Bxf6 gxf6 20. Nf3 Rh7 21. Nf4 Qc7 22.
Ne6+ Bxe6 23. Rxe6 Ng8 24. c4 Qd7 25. cxd5 cxd5 26. Qe2 Re7 27. Re1 Rc8 28. Kf1
Rc6 29. Rxe7 Nxe7 30. Bc2 Qc8 31. Bd3 Rc1 32. Rxc1 Qxc1+ 33. Ne1 Qc6 34. Bb5
Qd6 35. Nf3 Kc7 36. Qc2+ Kb8 37. Kg1 Qc7 38. Qxc7+ Kxc7 39. g3 Nc8 40. Nh4 f4
41. gxf4 Bd6 42. Ng6 Bb4 43. Kf1 Bd2 44. Ke2 Bc1 45. b3 Kd6 46. Kd3 Bb2 47. f5
Ne7 {1/2-1/2 (47) Matano,A-Cellucci,A Italy 1997}) 7. O-O (7. Nc3 Bb4 8. O-O
Bxc3 9. bxc3 Nf6 10. Bd3 Qg4 11. h3 Qh5 12. Qe1+ Ne4 13. c4 O-O 14. cxd5 Ne7
15. Ba3 Re8 16. Bb5 c6 17. dxc6 bxc6 18. Bc4+ Nd5 19. Ne5 Kh8 20. Be2 Qh4 21.
Bf3 Nf4 22. Bc1 g5 23. Bxe4 fxe4 24. f3 Nxg2 25. Kxg2 exf3+ 26. Kg1 Qxd4+ 27.
Qe3 Qxa1 28. Nf7+ Kg8 29. Qxe8+ Kg7 30. Qh8+ {
1-0 (30) Mader,M (2219)-Wagner,M (2046) Boeblingen 2006}) 7... Nge7 (7... Bd7
8. Nc3 Qe6 9. Ng5 Qf6 10. Nxd5 Qd6 11. c4 {
1-0 (11) Popovic,I (2205)-Kalinski, K Zadar 1995}) (7... Qe7 8. Re1 Be6 9. Bb5
O-O-O 10. Bxc6 {1-0 (10) Klundt,K (2380)-Bondick,K (2154) Arvier 2006}) 8. Re1
(8. Nc3) 8... Bd7 9. Nc3 Qe6 10. Nb5 (10. Ba6 $1 {Stockfish 8:} Qg6 11. Bxb7
Rb8 12. Bxc6 Bxc6 13. Ne5 Qe6 14. Nd3 Qf6 15. Nc5 h6 16. Bf4 Rxb2 17. Be5 Qh4
18. Bxc7 h5 19. a3 Qg4 20. f3 Qg6 21. Re6 Qf7 {[%eval 455,20]}) (10. Bc4 {
was my other thought, but I balked for some reason}) 10... O-O-O (10... Rc8 11.
Bf4 Kd8 12. c4 $1 dxc4 $6 13. Ng5 Qd5 14. Nc3 Qxd4 15. Nb5) 11. Bf4 Ng6 12.
Bxc7 Re8 13. Bd3 Qf6 14. Rxe8+ Bxe8 15. Qe2 Bd7 16. Be5 Ngxe5 (16... Ncxe5 17.
Nxa7+ $1 Kb8 18. Nxe5 Nxe5 19. dxe5 Qb6 20. Nb5) (16... Qe6 17. c3 (17. Qe3))
17. dxe5 Qh6 18. Nbd4 f4 $2 (18... Nxd4 19. Nxd4 Bc5 20. Nxf5 (20. Bxf5 Bxf5
21. Nxf5 Qg6 22. Ne3) 20... Qb6 21. c3) 19. e6 1-0